000 00326nam a22001457a 4500
003 OSt
005 20220211150328.0
008 220211b |||||||| |||| 00| 0 eng d
020 _a8127224596
040 _cHU
082 _a627.5
_b1
100 _aLenka.D.
_913731
245 _aIrrigation And Drainage
942 _2ddc
_cBOOKS
_n0
999 _c30066
_d30066